Высокотехнологичные методы лечения и реабилитации (Запись № 1927725)

Подробности
000 -МАРКЕР
контрольное поле 01623nas1a22003011 4500
001 - ИДЕНТИФИКАТОР ЗАПИСИ
контрольное поле RU\NLR\Per\782530
005 - ИДЕНТИФИКАТОР ВЕРСИИ
контрольное поле 20260408200406.0
035 ## - ДРУГИЕ СИСТЕМНЫЕ НОМЕРА
Идентификатор записи (NLR Aleph) 003027589
100 ## - ДАННЫЕ ОБЩЕЙ ОБРАБОТКИ
Данные общей обработки 20260201 rusy50
101 0# - ЯЗЫК РЕСУРСА
Язык текста, звукозаписи и т.д. русский
102 ## - СТРАНА ПУБЛИКАЦИИ ИЛИ ПРОИЗВОДСТВА
Страна публикации российская федерация
110 ## - ПОЛЕ КОДИРОВАННЫХ ДАННЫХ: ПРОДОЛЖАЮЩИЕСЯ РЕСУРСЫ
Кодированные данные продолжающегося ресурса zk|||||||||
200 1# - ЗАГЛАВИЕ И СВЕДЕНИЯ ОБ ОТВЕТСТВЕННОСТИ
Основное заглавие Высокотехнологичные методы лечения и реабилитации
Параллельное заглавие High technology methods of treatment and rehabilitation
Сведения, относящиеся к заглавию теория и практика
-- ежегодник
Первые сведения об ответственности СПб ГУЗ "Гор. больница № 40"
Язык параллельного заглавия английский
207 #0 - ОБЛАСТЬ СПЕЦИФИЧЕСКИХ СВЕДЕНИЙ: НУМЕРАЦИЯ ПРОДОЛЖАЮЩИХСЯ РЕСУРСОВ
Нумерация: даты и обозначения томов 2010 (2011) -
210 ## - ПУБЛИКАЦИЯ, РАСПРОСТРАНЕНИЕ И ДР.
Место издания, распространения и т.д. Сестрорецк
-- Санкт-Петербург
Имя издателя, распространителя и т. д. СПб ГУЗ "Городская больница № 40"
Дата издания, распространения и т.д. 2011 -
510 1# - ПАРАЛЛЕЛЬНОЕ ЗАГЛАВИЕ
Параллельное заглавие High technology methods of treatment and rehabilitation
Язык заглавия английский
606 1# - НАИМЕНОВАНИЕ ТЕМЫ КАК ПРЕДМЕТ
Наименование темы Терапия
Формальный подзаголовок Периодические издания
Тематический подзаголовок Инновационные технологии
Системный номер авторитетной/нормативной записи 2522527
Идентификатор авторитетной/нормативной записи RU\NLR\AUTH\661494683
606 ## - НАИМЕНОВАНИЕ ТЕМЫ КАК ПРЕДМЕТ
Наименование темы Реабилитация (мед.)
Тематический подзаголовок Инновационные технологии
Формальный подзаголовок Периодические издания
Идентификатор авторитетной/нормативной записи RU\NLR\AUTH\661430856
Системный номер авторитетной/нормативной записи 2400341
686 1# - ИНДЕКСЫ ДРУГИХ КЛАССИФИКАЦИЙ
Индекс Р35я53
712 02 - НАИМЕНОВАНИЕ ОРГАНИЗАЦИИ - ВТОРИЧНАЯ ОТВЕТСТВЕННОСТЬ
Код отношения Прочие
Начальный элемент ввода Санкт-Петербургская городская больница
Идентифицирующий признак 40
Идентификатор авторитетной/нормативной записи RU\NLR\AUTH\8810193074
Системный номер авторитетной/нормативной записи 276024
852 ## - МЕСТОНАХОЖДЕНИЕ И ШИФР ХРАНЕНИЯ
Идентификатор организации NLR
Шифр хранения (Call Number) П16/1989
942 ## - ДОПОЛНИТЕЛЬНЫЕ ЭЛЕМЕНТЫ ЗАПИСИ (АБИС)
Тип экземпляра АБИС Продолжающееся издание
980 ## - КОЛЛЕКЦИЯ
Название коллекции Национальная библиография
980 ## - КОЛЛЕКЦИЯ
Название коллекции Русская периодика

Нет доступных экземпляров.